000 00626nam a2200217 a 4500
001 56469
003 BD-RjUL
005 20211209080411.0
008 161129s1995 b ||||| |||| 00| 0 eng d
020 _a9845590594
_c Tk.65.00
035 _a(BD-RjUL)56593
040 _aBD-RjUL
_beng
_cBD-RjUL
_dBD-RjUL
041 _aeng
082 _223
_a630.68
_bBOF 1995
100 _aBose, Japash ranjan
_9167959
245 1 0 _aFarm management survey in comilla sadar thana 1990-91 /
_cJapash ranjan bose
260 _aBangladesh :
_bKotbari,
_c1995
300 _a67 p. ;
_c26 cm.
650 _aFarm management
_9167960
942 _2ddc
_cBK
999 _c56469
_d56469